000 00365 a2200157 4500
001 186289
020 _a85-305-0115-2
040 _cMagnum
100 _aTelles, Carlos Queiroz
240 1 0 _aAmor impossível, possível amor
_lpor
245 1 0 _aAmor impossível, possível amor
300 _a46
362 0 _a1997
697 _aLITERATURA JUVENIL
942 _cBK
999 _c186289
_d186289